Enjoy entrelac knitting

Bibliographic Details
Main Author: Horne, Brenda
Format: Book
Published: Australia : Kangaroo Press , 1993
Subjects:

MARC

LEADER 00000cam a2200000 7i4500
001 0000004340
002 000004664
005 20000330.0
020 |a 086417554X 
090 0 0 |a 746.432   |b HOR 
100 1 |a Horne, Brenda 
245 1 0 |a Enjoy entrelac knitting   |c Brenda Horne 
260 |a Australia :   |b Kangaroo Press ,   |c 1993 
300 |a 40 p. :   |b ill. ;   |c 28 cm. 
650 0 0 |a Knitting 
999 |a 037387   |b BUKU   |c PINJAMAN   |e PERPUSTAKAAN KOMUNITI PETALING JAYA